logo

Bir Sreshtho Munshi Abdur Rouf Library
Jhenaidah Cadet College

The selected letters of William James / (Record no. 8703)

MARC details
000 -LEADER
fixed length control field 01153cam a2200337 i 4500
001 - CONTROL NUMBER
JCCL Control Number 8703
003 - CONTROL NUMBER IDENTIFIER
JCCL marc code BD-JhCC
005 - DATE AND TIME OF LATEST TRANSACTION
control field 20180301125037.0
008 - FIXED-LENGTH DATA ELEMENTS--GENERAL INFORMATION
fixed length control field 800722r1980 maucf 001 0aeng
020 ## - INTERNATIONAL STANDARD BOOK NUMBER
International Standard Book Number 0879233486 (pbk.) :
Terms of availability $8.95
035 ## - SYSTEM CONTROL NUMBER
system control number (BD-JhCC)8703
040 ## - CATALOGING SOURCE
Original cataloging agency DLC
Transcribing agency DLC
Modifying agency DLC
-- BD-JhCC
041 ## - LANGUAGE CODE
Language code of Book eng
050 10 - LIBRARY OF CONGRESS CALL NUMBER
Classification number B945.J24
Item number A4 1980
082 00 - DEWEY DECIMAL CLASSIFICATION NUMBER
Classification number 191
-- B
DDC Edition number 19
Author mark and Year JAM 1980
100 1# - MAIN ENTRY--PERSONAL NAME
Personal name James, William,
Dates associated with a name 1842-1910.
240 10 - UNIFORM TITLE
Uniform title Correspondence.
245 04 - TITLE STATEMENT
Title The selected letters of William James /
Statement of responsibility, etc edited with an introd. by Elizabeth Hardwick.
260 ## - PUBLICATION, DISTRIBUTION, ETC. (IMPRINT)
Place of publication, distribution, etc Boston :
Name of publisher, distributor, etc D.R. Godine,
Date of publication, distribution, etc 1980, c1961.
300 ## - PHYSICAL DESCRIPTION
Pagination xxix, 271 p., [1] leaf of plates :
Other physical details port. ;
Dimensions 21 cm.
490 1# - SERIES STATEMENT
Series statement Nonpareil books ;
Volume number/sequential designation #18
500 ## - GENERAL NOTE
General note Reprint of the ed. published by Farrar, Straus, and Cudahy, New York, in series: Great letters series.
500 ## - GENERAL NOTE
General note Includes index.
600 10 - SUBJECT ADDED ENTRY--PERSONAL NAME
Personal name James, William,
Dates associated with a name 1842-1910.
650 #0 - SUBJECT ADDED ENTRY--TOPICAL TERM
Topical term or geographic name as entry element Philosophers
Geographic subdivision United States
General subdivision Correspondence.
650 #0 - SUBJECT ADDED ENTRY--TOPICAL TERM
Topical term or geographic name as entry element Psychologists
Geographic subdivision United States
General subdivision Correspondence.
700 1# - ADDED ENTRY--PERSONAL NAME
Personal name Hardwick, Elizabeth.
830 #0 - SERIES ADDED ENTRY--UNIFORM TITLE
Uniform title Nonpareil book ;
Volume number/sequential designation 18.
942 ## - ADDED ENTRY ELEMENTS (KOHA)
Source of classification or shelving scheme Dewey Decimal Classification
Koha item type Books
Holdings
Source of classification or shelving scheme Damaged status Not for loan Home library Current library Shelving location Total Checkouts Full call number Barcode Date last seen Copy number Koha item type
Dewey Decimal Classification     JCC Rouf Library JCC Rouf Library General Stacks   191 JAM 1980 11479 03/01/2018 C - 1 Books

JCC Library | Contacts | JCC Home

Last Update on 23 September 2017
Copyright @ 2017-2020 JCC Rouf Library
Rouf Library, Jhenidah Cadet College (JCC), Bangladesh